| 000 | 004130000a22001210004500 | ||
|---|---|---|---|
| 090 |
_aAR _b04315 |
||
| 245 | 1 | 0 | _aNomenclatural notes on Homonomy and synonymy in the Gerromorpha (Heteroptera: Gerridae, Hydrometridae) |
| 041 | 0 | _aInglés | |
| 500 | _a<Literatura de escarabajos coprófagos> | ||
| 100 | 1 |
_aPolhemus, John T. _998155 |
|
| 942 | _cARTICULO | ||
| 773 | 1 |
_tJ. New York Entomol. Soc. _h2-3 _q212-213 _d2004 _g112 |
|
| 999 |
_c13412 _d13412 |
||